Biblioteca

El Nuevo Testamento : (Registro nro. 71174)

Detalles MARC
000 -LÍDER
Campo fijo de descripción fija 01429nam a2200337 i 4500
001 - NÚMERO DE CONTROL
Campo de control 768714001
003 - IDENTIFICADOR DEL NÚMERO DE CONTROL
Campo de control CO-MdFUSB
005 - FECHA Y HORA DE LA ULTIMA TRANSACCIÓN
control field 20260317122602.0
007 - CAMPO FIJO DE DESCRIPCIÓN FIJA--INFORMACIÓN GENERAL
Campo fijo de descripción fija ta
008 - ELEMENTOS DE LONGITUD FIJA -- INFORMACIÓN GENERAL
Campo fijo de descripción fija -- Información general 241105t2011 -us||||| |||| 001 0 spa d
020 ## - NÚMERO INTERNACIONAL NORMALIZADO PARA LIBROS
Número Internacional Normalizado del libro 978-1-60255-276-0
040 ## - FUENTE DE CATALOGACIÓN
Idioma de catalogación spa.
Agencia de catalogación original CO-MdFUSB
Agencia que realiza la transcripción CO-MdFUSB
Agencia que realiza la modificación CO-MdFUSBC
Convenciones de la descripción rda
041 ## - CÓDIGO DE IDIOMA
Código de idioma para texto/pista de sonido o título separado spa
082 ## - NÚMERO DE CLASIFICACIÓN DECIMAL DEWEY
Número de la edición del Dewey 23
Número de clasificación 225.6
Clave de autor-Numero de item V648
100 ## - ASIENTO PRINCIPAL--NOMBRE PERSONAL
Nombre personal Vidal Manzanares, César.
Término relacionador autor
245 13 - TÍTULO
Título del Material El Nuevo Testamento :
Parte restante del título - Subtitulo interlineal griego - español
Mención de responsabilidad, etc. / César Vidal
264 #1 - PRODUCCIÓN, PUBLICACIÓN, DISTRIBUCIÓN, MANUFACTURA, Y COPYRIGHT
Lugar de producción, publicación, distribución, manufactura Nashville, Tennessee :
Nombre del productor, publicador, distribuidor Grupo Nelson,
Fecha de producción, publicación, distribución, manufactura, o copyright [2011]
264 #4 - PRODUCCIÓN, PUBLICACIÓN, DISTRIBUCIÓN, MANUFACTURA, Y COPYRIGHT
Fecha de producción, publicación, distribución, manufactura, o copyright ©2011
300 ## - DESCRIPCIÓN FÍSICA
Extensión 914 páginas
Dimensiones ; 24 cm
336 ## - TIPO DE CONTENIDO
Fuente rdacontent
Término de tipo de contenido texto
Código de tipo de contenido txt
337 ## - TIPO DE MEDIO
Fuente rdamedia
Nombre del tipo de medio sin mediación
Código del tipo de medio n
338 ## - TIPO DE SOPORTE
Fuente rdacarrier
Nombre del tipo de soporte volumen
Código Tipo de soporte nc
500 ## - NOTA GENERAL
Nota General Incluye índice
505 ## - NOTA DE CONTENIDO
Nota de contenido con formato preestablecido Mateo. -- Marcos. -- Lucas. -- Juan. -- Hechos. -- Romanos. -- 1 Corintios. -- 2 Corintios. -- Gálatas. -- Efesios. -- Filipenses. -- Colosenses. -- 1 Tesalonicenses. -- 2 Tesalonicenses. -- 1 Timoteo. -- 2 Timoteo. -- Tito. -- Filemón. -- Hebreos. -- Santiago. -- 1 Pedro. -- 2 Pedro. -- 1 Juan. -- 2 Juan. -- 3 Juan. -- Judas. -- Apocalipsis. -- Cincuenta términos griegos de especial relevancia en el Nuevo Testamento.
563 ## - NOTA DE ENCUADERNACIÓN
Nota de encuadernación Pasta dura
630 07 - TITULO UNIFORME
Título uniforme Biblia.
Nombre de parte o sección de la obra Nuevo Testamento
Subdivisión de forma Interlineal
653 ## - TÉRMINO DE INDIZACIÓN - NO CONTROLADO
Término no controlado Griego Koiné - Gramática léxico
942 ## - TIPO DE MATERIAL (KOHA)
Tipo de Item KOHA Libros General
945 ## - INFORMACIÓN LOCAL DEL REGISTRO
Catalogador Catherine Arias Alvarez
Existencias
Estado de Material Estado de Perdido Forma de Clasificación Volumen-Parte/Tomo Estado de Dañado No para Préstamo Colección Biblioteca de Origen Biblioteca Permanente Fecha de Adquisición Total de Préstamos Signatura Topográfica Código de Barras Última vez visto Ejemplar/Existencia Fecha de Remplazo Tipo de Material
    Dewey Decimal Classification       Colección General Biblioteca FUSBC Biblioteca FUSBC 31/10/2024   G 225.6 V648n 25259 05/11/2024 Ej. 1 05/11/2024 Libros General

Biblioteca FUSBC | Teléfono: (57+4) 349 88 10 Ext. 141| WhatsApp (+57) 3005338115 
E-mail: biblioteca@unisbc.edu.co | Calle 76 87-14 Robledo Palenque, Medellín, Colombia

Con tecnología Koha